000 00341nam a22001217a 4500
999 _c9722
_d9722
003 OSt
008 201203b ||||| |||| 00| 0 eng d
245 _aPramana Journal Of Physics
250 _a2011(Jan Vol.76 No.1, Apr Vol.76 No.4, May Vol.76 No.5)
260 _aBengaluru, Karnataka
_bSpringer
650 _aApplied Science
942 _2ddc
_cBV